Statistics for The Amazing World of Gumball ultimate character quiz

Click here to take the quiz!

General Stats

  • This quiz has been taken 179 times
  • The average score is 27 of 45

Answer Stats

HintCharacter% Correct
Blue cat boyGumball
99%
Legged fish boyDarwin
98%
Genius bunny girlAnais
91%
Sleepy man-child bunnyRichard
88%
Blue cat motherNicole
86%
Gumball's, "girlfriend"Penny
84%
Crazy banana boyBanana Joe
81%
Depressed ghost girlCarrie
79%
Female dinosaurTina Rex
79%
Supper villain that is Gumball's ex nemesisRob
78%
A rainbow colored athleteTobias
78%
Very nice blue balloon that Gumball hatesAlan
77%
Robot childBobert
76%
Mann who happens to work at every other jobLarry
74%
High school principalMr Brown
74%
Grumpy middle aged neighborMr Robinson
74%
Huge giant with his name beginning with, "H"Hector
70%
A somewhat mean flowersLeslie
69%
Little potato boyIdaho
66%
Ex wife of the aboveGranny Jojo
65%
Monkey teacherMiss Simian
65%
Yellow ice cream characterSarah
65%
Hippie high school counselorMr Small
64%
character played by a chin flipped upside downSussie
63%
The girlfriend of the aboveCarmen
59%
Son of the aboveRocky
59%
Cloud girlMasami
58%
Dad of the above that is also a ratFrancis
55%
A red ball that morphs and liesClayton
54%
A clean freak paper girlTeri
53%
Husband of the aboveLouie
52%
Highly showed police manDoughnut cop
49%
Simply a slice of toastAnton
45%
Intense video game characterOcho
43%
Boring elephantMolly
39%
Wife of the aboveMargaret
38%
Sister of the aboveRachel
37%
A music playing machineJuke
34%
The mailmanGary
32%
Temporary friend of the aboveBilly
25%
Egghead with glassesColin
20%
Egghead without glassesFelix
19%
Temporary child of the above made of trashKenneth
18%
Bandit that looks like a fingerfrintSal Left Thumb
15%
Less popular copHamburger cop
9%

Score Distribution

Percentile by Number Answered

Percent of People with Each Score

Your Score History

You have not taken this quiz